Issues White-Anting India: (Record no. 191041)

MARC details
000 -LEADER
fixed length control field 00552nam a22001817a 4500
005 - DATE AND TIME OF LATEST TRANSACTION
control field 20220817165024.0
010 ## - LCCN (DPL NO)
LC control number ENG-134475
020 ## - INTERNATIONAL STANDARD BOOK NUMBER
International Standard Book Number 9789386473134
Terms of availability 250.00
035 ## - SYSTEM CONTROL NUMBER
System control number EN-118007
037 ## - SOURCE OF ACQUISITION
Source of stock number/acquisition DBAD/PUB
082 ## - DEWEY DECIMAL CLASSIFICATION NUMBER
Classification number 361.10954
100 ## - MAIN ENTRY--PERSONAL NAME
Personal name Koul, Bill K
245 ## - TITLE STATEMENT
Title Issues White-Anting India:
Remainder of title As an NRI sees it/
Statement of responsibility, etc Bill K Koul
260 ## - PUBLICATION, DISTRIBUTION, ETC. (IMPRINT)
Place of publication, distribution, etc New Delhi
Name of publisher, distributor, etc Vitasta Publishing Pvt. Ltd
Date of publication, distribution, etc 2017
270 ## - ADDRESS
Address 2/15, Ansari Road, Daryaganj
City New Delhi
Postal code 110002
300 ## - PHYSICAL DESCRIPTION
Extent 145p.
Dimensions 22cm(pbk)
942 ## - ADDED ENTRY ELEMENTS (KOHA)
Source of classification or shelving scheme Dewey Decimal Classification
Item type English Books
Classification part 361.10954
Call number suffix KOU
Holdings
Withdrawn status Lost status Not for loan Collection code Home library Current library Date acquired Source of acquisition Cost, normal purchase price Full call number Barcode Copy number Cost, replacement price Koha item type
      Non-fiction Ashok Vihar Ashok Vihar 17/08/2022 DBAD/PUB 250.00 361.10954 KOU EN-118007 1 250.00 English Books

© Delhi Public Library
Hit Counter
free hit counter